[Event "Euskadi ch 2009"]
[Site "Zornotza ESP"]
[Date "2009.04.14"]
[Round "2.11"]
[White "Arana Garate, Jon"]
[Black "Padilla Cabero, Pablo"]
[Result "0-1"]
[WhiteElo "1966"]
[BlackElo "2168"]
[PlyCount "72"]
[EventDate "2009.04.13"]
[EventType "swiss"]
[EventRounds "9"]
[EventCountry "ESP"]
[Source "lmi"]
[SourceDate "2009.04.13"]

1. d4 f5 2. c4 e6 3. Nf3 Nf6 4. Bg5 Bb4+ 5. Nbd2 O-O 6. a3 Be7 7. g3 b6 8. Bg2
Bb7 9. O-O d6 10. Qc2 Nbd7 11. Rfd1 Qe8 12. Ne1 Bxg2 13. Nxg2 h6 14. Bxf6 Bxf6
15. Nf3 a5 16. Nf4 g5 17. Ng2 Bg7 18. e3 Qh5 19. Nfe1 e5 20. h4 f4 21. exf4
exf4 22. Qe4 fxg3 23. Qd5+ Kh8 24. fxg3 Qe2 25. hxg5 Rf1+ 26. Kh2 Qh5+ 27. Nh4
Raf8 28. gxh6 Qxh6 29. Neg2 R1f2 30. Kg1 Nf6 31. Qe6 Rxb2 32. Qf5 Re8 33. Re1
Rbe2 34. Rxe2 Rxe2 35. Rf1 Qd2 36. Ng6+ Kg8 0-1

[Event "Euskadi ch 2009"]
[Site "Zornotza ESP"]
[Date "2009.04.14"]
[Round "2.12"]
[White "Hernandez Perez, Jesus"]
[Black "De Andres Oterino, Carlos"]
[Result "1/2-1/2"]
[WhiteElo "2061"]
[BlackElo "1954"]
[PlyCount "71"]
[EventDate "2009.04.13"]
[EventType "swiss"]
[EventRounds "9"]
[EventCountry "ESP"]
[Source "lmi"]
[SourceDate "2009.04.13"]

1. d4 Nf6 2. Bf4 g6 3. Nf3 Bg7 4. e3 d6 5. Be2 c5 6. O-O Qb6 7. Nc3 O-O 8. Qd2
Bf5 9. Rab1 Nc6 10. a3 cxd4 11. exd4 Ne4 12. Nxe4 Bxe4 13. Ng5 Qxd4 14. Nxe4
Qxe4 15. c3 Ne5 16. Rfe1 Qc6 17. Qd1 Rfe8 18. Qb3 a6 19. Bxe5 Bxe5 20. Bf3 Qc7
21. Qxb7 Qxb7 22. Bxb7 Ra7 23. Bf3 Rb8 24. Rec1 a5 25. Rc2 e6 26. c4 Bd4 27. b4
axb4 28. axb4 Ra4 29. b5 Bc5 30. g3 Ra3 31. Kg2 Kf8 32. Rbb2 Ke7 33. Ra2 Kd8
34. Rxa3 Bxa3 35. Ra2 Bc5 36. Bc6 1/2-1/2

[Event "Euskadi ch 2009"]
[Site "Zornotza ESP"]
[Date "2009.04.14"]
[Round "2.13"]
[White "Lopez Rojas, Salvador"]
[Black "Torres Garcia, Koldo"]
[Result "1/2-1/2"]
[WhiteElo "1798"]
[BlackElo "2043"]
[PlyCount "120"]
[EventDate "2009.04.13"]
[EventType "swiss"]
[EventRounds "9"]
[EventCountry "ESP"]
[Source "lmi"]
[SourceDate "2009.04.13"]

1. e4 Nf6 2. e5 Nd5 3. c4 Nb6 4. d4 d6 5. f4 dxe5 6. fxe5 c5 7. d5 e6 8. Nc3 a6
9. Nf3 exd5 10. cxd5 Bg4 11. Bd3 c4 12. Be4 Bc5 13. Qe2 N8d7 14. Be3 Qc8 15. e6
fxe6 16. h3 Bxf3 17. Qxf3 Bxe3 18. Qxe3 Qc5 19. Qf3 Rf8 20. Qh5+ g6 21. Bxg6+
hxg6 22. Qxg6+ Kd8 23. O-O-O exd5 24. Qg5+ Qe7 25. Qg3 Qe5 26. Qxe5 Nxe5 27.
Nxd5 Nxd5 28. Rxd5+ Nd7 29. Rhd1 Rf7 30. g4 Rc8 31. h4 c3 32. R1d4 c2 33. Rf5
Rxf5 34. gxf5 Ke7 35. h5 Nf6 36. h6 Nh7 37. Rg4 Rf8 38. Kxc2 Rxf5 39. Rg7+ Rf7
40. Rxf7+ Kxf7 41. Kc3 Ke6 42. Kd4 Kd6 43. Ke4 Ke6 44. Kd4 b6 45. a4 Nf6 46. a5
bxa5 47. Kc5 Nh7 48. Kb6 Kd5 49. Kxa5 Kc5 50. Kxa6 Kc6 51. b4 Kc7 52. b5 Kb8
53. Kb6 Ng5 54. Kc6 Kc8 55. b6 Kb8 56. b7 Nh7 57. Kd7 Kxb7 58. Ke8 Kc7 59. Kf7
Kd7 60. Kg6 Ke7 1/2-1/2